000 01111cam a22002651i 4500
003 SA-RiAUC
005 20260106121112.0
008 260105s2013 le g 000 0 ara c
020 _a2745154109
040 _aSA-JeALM
_bara
_cSA-RiAUC
_erda
082 0 4 _a241
_qSA-RiAUC
090 _a241
_bز ر و
100 1 _aزروق، أحمد بن أحمد بن محمد،
_d846-899 هجري
_eمؤلف.
245 1 0 _aالمقصد الأسما في شرح أسماء الله الحسنى ؛
_cأحمد بن أحمد بن محمد البرنسي المغربي المشهور ب زروق. ضبطه وعلق عليه محمود بيروتي .
250 _aالطبعة الاولى.
264 1 _aدمشق :
_bدار البيروتي،
_c2004
300 _a176 صفحة ؛
_c20 سم .
336 _aنص
_btxt
_2rdacontent
_3كتاب
337 _aبدون وسيط
_bn
_2rdamedia
650 7 _aالإلهيات (علم الكلام)
_2aucsh
650 7 _aالأسماء الحسنى
_2aucsh
700 _aبيروتي، محمود
_eمعلق .
942 _2ddc
_cBOOK
_n0
949 _aSA-JeALM
_d260105
_uosman123
_n1
999 _c13907
_d13907